<?xml version="1.0" encoding="UTF-8"?>
<record
    xmlns:xsi="http://www.w3.org/2001/XMLSchema-instance"
    xsi:schemaLocation="http://www.loc.gov/MARC21/slim http://www.loc.gov/standards/marcxml/schema/MARC21slim.xsd"
    xmlns="http://www.loc.gov/MARC21/slim">

  <leader>00823nam a22002417a 4500</leader>
  <datafield tag="952" ind1=" " ind2=" ">
    <subfield code="a">0001</subfield>
    <subfield code="b">0001</subfield>
    <subfield code="d">2019-06-17</subfield>
    <subfield code="l">0</subfield>
    <subfield code="o">346.0702632 T96 2011</subfield>
    <subfield code="p">019210</subfield>
    <subfield code="r">2019-06-17 00:00:00</subfield>
    <subfield code="w">2019-06-17</subfield>
    <subfield code="y">BKS</subfield>
  </datafield>
  <datafield tag="999" ind1=" " ind2=" ">
    <subfield code="c">13314</subfield>
    <subfield code="d">13314</subfield>
  </datafield>
  <controlfield tag="001">17250</controlfield>
  <controlfield tag="003">MIRAKIL</controlfield>
  <controlfield tag="005">20190617113708.0</controlfield>
  <controlfield tag="008">190617b        tu ||||| |||| 00| 0 tur d</controlfield>
  <datafield tag="020" ind1=" " ind2=" ">
    <subfield code="a">9789755552002</subfield>
  </datafield>
  <datafield tag="040" ind1=" " ind2=" ">
    <subfield code="a">TR-AnCHP</subfield>
    <subfield code="b">tur</subfield>
    <subfield code="c">TR-AnCHP</subfield>
  </datafield>
  <datafield tag="041" ind1=" " ind2=" ">
    <subfield code="a">tur</subfield>
  </datafield>
  <datafield tag="082" ind1=" " ind2=" ">
    <subfield code="a">346.0702632</subfield>
    <subfield code="b">T96 2011</subfield>
  </datafield>
  <datafield tag="245" ind1=" " ind2=" ">
    <subfield code="a">T&#xFC;rk Ticaret Kanunu /</subfield>
    <subfield code="c">haz&#x131;rlayanlar Bumin Do&#x11F;rus&#xF6;z, &#xD6;znur Onat, Funda Tun&#xE7;el T&#xF6;ralp.</subfield>
  </datafield>
  <datafield tag="260" ind1=" " ind2=" ">
    <subfield code="a">&#x130;stanbul:</subfield>
    <subfield code="b">&#x130;stanbul Serbest Muhasebeci Mali M&#xFC;&#x15F;avirler Odas&#x131; (&#x130;SMMMO),</subfield>
    <subfield code="c">2011.</subfield>
  </datafield>
  <datafield tag="300" ind1=" " ind2=" ">
    <subfield code="a">696 s.:</subfield>
    <subfield code="c">19 sm.</subfield>
  </datafield>
  <datafield tag="490" ind1=" " ind2=" ">
    <subfield code="a">&#x130;SMMMO yay&#x131;nlar&#x131; ;</subfield>
    <subfield code="a">Mevzuat serisi;</subfield>
    <subfield code="v">142.</subfield>
    <subfield code="v">9.</subfield>
  </datafield>
  <datafield tag="650" ind1=" " ind2=" ">
    <subfield code="a">Ticaret hukuku</subfield>
    <subfield code="x">Kanunlar</subfield>
    <subfield code="z">T&#xFC;rkiye</subfield>
  </datafield>
  <datafield tag="700" ind1=" " ind2=" ">
    <subfield code="9">5815</subfield>
    <subfield code="a">Do&#x11F;rus&#xF6;z, Bumin</subfield>
    <subfield code="e">haz.</subfield>
  </datafield>
  <datafield tag="700" ind1=" " ind2=" ">
    <subfield code="9">5816</subfield>
    <subfield code="a">Onat, &#xD6;znur</subfield>
    <subfield code="e">haz.</subfield>
  </datafield>
  <datafield tag="700" ind1=" " ind2=" ">
    <subfield code="9">5817</subfield>
    <subfield code="a">T&#xF6;ralp, Funda Tun&#xE7;el</subfield>
    <subfield code="e">haz.</subfield>
  </datafield>
  <datafield tag="942" ind1=" " ind2=" ">
    <subfield code="2">ddc</subfield>
    <subfield code="c">BKS</subfield>
  </datafield>
</record>
